Debating Vocabulary - Statistics

General Stats
  • This quiz has been taken 29 times
  • The average score is 5 of 13
Answer Stats
Clue Vocabulary % Correct
To point out flaws in another team's arguments Rebut
83%
Arguing FOR the debate topic Affirmative
58%
Proposal to implement a system relevant to the topic Model
50%
Arguing AGAINST the debate topic Negative
50%
The groups that are hypothetically affected by the above Stakeholder
50%
The person responsible for choosing a winner Adjudicator
46%
The team arguing against your own Opposition
46%
The current state of the world Status Quo
38%
The main arguments within one's speech Substantive
29%
The division of arguments between each speaker Allocation
21%
Alternative name for a team's fourth speaker Team advisor
17%
To introduce your team's main arguments, typically used by the first speaker Signpost
13%
To define a topic in a way that is advantageous to one's team Squirrel
13%
No matching quizzes found
Score Distribution
Percent of People with Each Score
Percentile by Number Answered
Your Score History
You have not taken this quiz